书目信息 |
| 题名: |
保险案件审判指导
|
|
| 作者: | 奚晓明 主编 ;最高人民法院 编 | |
| 分册: | ||
| 出版信息: | 北京 法律出版社 2015 |
|
| 页数: | 321页 | |
| 开本: | 24cm | |
| 丛书名: | 最高人民法院商事审判指导丛书 | |
| 单 册: | ||
| 中图分类: | D922.284.5 | |
| 科图分类: | ||
| 主题词: | 保险法--Bao Xian Fa--判例--中国 | |
| 电子资源: | ||
| ISBN: | 978-7-5118-6415-4 | |
| 000 | 01257nam0 22002651 450 | |
| 001 | 0101082455 | |
| 005 | 20161201102207.32 | |
| 010 | @a978-7-5118-6415-4@dCNY49.00 | |
| 100 | @a20150318d2015 em y0chiy50 ea | |
| 101 | 0 | @achi |
| 102 | @aCN@b110000 | |
| 105 | @ay z 000yy | |
| 106 | @ar | |
| 200 | 1 | @a保险案件审判指导@ABao Xian An Jian Shen Pan Zhi Dao@f奚晓明主编@g最高人民法院民事审判第二庭编 |
| 210 | @a北京@c法律出版社@d2015 | |
| 215 | @a321页@d24cm | |
| 225 | 2 | @a最高人民法院商事审判指导丛书@AZui Gao Ren Min Fa Yuan Shang Shi Shen Pan Zhi Dao Cong Shu |
| 330 | @a本书内容涵盖了2007年至今出版的《商事审判指导》中有关保险案件审判的全部内容,以及最高人民法院公报2005年至2012年的保险相关案例,提炼了每个问题的法律适用点作为标题,全面梳理、概括总结了保险领域内的疑难、新型问题并对每个问题从审判专论、案例指导、司法解释、请示与批复及审判精神与动态若干方面解答,使读者能全面理解和把握每一问题的具体处理方法和依据。 | |
| 461 | 0 | @12001 @a最高人民法院商事审判指导丛书 |
| 606 | 0 | @a保险法@ABao Xian Fa@x判例@y中国 |
| 690 | @aD922.284.5@v5 | |
| 701 | 0 | @a奚晓明@AXi Xiao Ming@f(1954~)@4主编 |
| 712 | 02 | @a最高人民法院@AZui Gao Ren Min Fa Yuan@b民事审判第二庭@4编 |
| 801 | 0 | @aCN@bTANGWEI@c20161128 |
| 905 | @b0951727-31@dD922.284.5@e1476@f5 | |
| 保险案件审判指导/奚晓明主编/最高人民法院民事审判第二庭编.-北京:法律出版社,2015 |
| 321页;24cm.-(最高人民法院商事审判指导丛书) |
| ISBN 978-7-5118-6415-4:CNY49.00 |
| 本书内容涵盖了2007年至今出版的《商事审判指导》中有关保险案件审判的全部内容,以及最高人民法院公报2005年至2012年的保险相关案例,提炼了每个问题的法律适用点作为标题,全面梳理、概括总结了保险领域内的疑难、新型问题并对每个问题从审判专论、案例指导、司法解释、请示与批复及审判精神与动态若干方面解答,使读者能全面理解和把握每一问题的具体处理方法和依据。 |
| ● |
| 相关链接 |
|
|
|
|
正题名:保险案件审判指导
索取号:D922.284.5/1476
 
预约/预借
| 序号 | 登录号 | 条形码 | 馆藏地/架位号 | 状态 | 备注 |
| 1 | 0951727 | 209517272 | 第一样本阅览室/ [索取号:D922.284.5/1476] | 在馆 | |
| 2 | 0951728 | 209517281 | 密集书库-史法系/ [索取号:D922.284.5/1476] | 在馆 | |
| 3 | 0951729 | 209517290 | 第一借阅区/ [索取号:D922.284.5/1476] | 在馆 | |
| 4 | 0951730 | 209517307 | 第一借阅区/ [索取号:D922.284.5/1476] | 在馆 | |
| 5 | 0951731 | 209517316 | 第一借阅区/ [索取号:D922.284.5/1476] | 在馆 |